Classifica Marcatori Serie A 2003-2004 - Statistics

Statistiche generali
  • Questo quiz è stato fatto 67 volte
  • Il punteggio medio è 12 su 20
Statistiche sulle risposte
Gol Nazione Squadra Calciatore % Corretto
20 Italia Roma Francesco Totti
98%
24 Ucraina Milan Andrij Ševčenko
97%
16 Francia Juventus David Trezeguet
97%
17 Brasile Parma/Inter Adriano
91%
13 Italia Inter Christian Vieri
88%
10 Brasile Milan Kakà
83%
14 Italia Roma Antonio Cassano
78%
12 Italia Brescia Roberto Baggio
76%
23 Italia Parma Alberto Gilardino
74%
19 Uruguay Lecce Ernesto Chevantón
74%
12 Danimarca Milan Jon Dahl Tomasson
66%
11 Italia Empoli Rommaso Rocchi
53%
11 Italia Sampdoria Francesco Flachi
45%
11 Italia Juventus Marco Di Vaio
45%
11 Italia Udinese Vincenzo Iaquinta
45%
10 Italia Siena Enrico Chiesa
43%
12 Italia Brescia Andrea Caracciolo
41%
10 Italia Lazio Bernardo Corradi
22%
13 Italia Sampdoria Fabio Bazzani
19%
12 Italia Udinese Dino Fava
9%
Nessun quiz corrispondente trovato
Distribuzione punteggi
Percentuale di utenti per punteggio
Percentile per numero di risposta
I tuoi punteggi nel tempo
Non hai fatto questo quiz